[Event "?"]
[Site "Dallas, Pinfork Grand Prix II"]
[Date "1996.??.??"]
[Round "?"]
[White "Anderson,Selby"]
[Black "Shtern,Igor"]
[Result "0-1"]
[WhiteElo "2330"]
[BlackElo "2410"]
[PlyCount "42"]

1. d4 d5 2. Nf3 Nc6 3. c4 e5 4. dxe5 Bb4+ 5. Bd2 dxc4 6. Qa4 Qe7 7. a3
Bxd2+ 8.
Nbxd2 a6 9. Qxc4 Nxe5 10. Qc3 Nxf3+ 11. gxf3 Nf6 12. Rg1 Be6 13. e3
O-O-O 14.
O-O-O Rd6 15. Kb1 Rhd8 16. Be2 Rc6 17. Qa5 Rd5 18. Qa4 Qd7 19. Qb4
Rcd6 20. Kc1
a5 21. Qc3 Qa4 0-1

[Event "?"]
[Site "Dallas, Pinfork Grand Prix II"]
[Date "1996.??.??"]
[Round "?"]
[White "Ardaman,Miles"]
[Black "Chow,Albert"]
[Result "1-0"]
[WhiteElo "2440"]
[BlackElo "2380"]
[PlyCount "62"]

1. e4 c5 2. d3 e6 3. g3 d5 4. Nd2 Nc6 5. Bg2 g6 6. Ngf3 Bg7 7. O-O
Nge7 8. Re1
O-O 9. h4 h6 10. e5 b5 11. Nf1 a5 12. N1h2 b4 13. Ng4 Nf5 14. Bf4 Ba6
15. Qd2
Kh7 16. Bh3 Qe7 17. Kg2 Rfc8 18. Rh1 Ncd4 19. Ng5+ Kg8 20. c3 Nc6 21.
Nf3 bxc3
22. bxc3 d4 23. c4 Bb7 24. Kg1 Nb4 25. Bg2 Kh7 26. a3 Nc6 27. Rb1 Ra7
28. Ng5+
hxg5 29. hxg5+ Kg8 30. Nf6+ Kf8 31. g4 Nxe5 1-0

[Event "?"]
[Site "Dallas, Pinfork Grand Prix II"]
[Date "1996.??.??"]
[Round "?"]
[White "Weinberg,Alex"]
[Black "Jacobs,John"]
[Result "0-1"]
[WhiteElo "2255"]
[BlackElo "2365"]
[PlyCount "80"]

1. d4 Nf6 2. Nf3 c5 3. e3 g6 4. Be2 Bg7 5. O-O b6 6. b3 O-O 7. Nbd2
Bb7 8. a4
Nc6 9. Ba3 cxd4 10. exd4 Nd5 11. Bb2 Nf4 12. Nc4 d5 13. Nce5 Nb4 14.
Bb5 a6 15.
Be2 Nxe2+ 16. Qxe2 Rc8 17. c3 Nc6 18. Rfe1 e6 19. Qe3 Na5 20. Nd2 Re8
21. Qf4
Qc7 22. Qh4 f6 23. Nef3 e5 24. dxe5 fxe5 25. Rac1 h6 26. Ba3 Qf7 27.
Qg4 e4 28.
Nd4 Kh7 29. Bd6 Nc6 30. Ne2 Ne5 31. Bxe5 Bxe5 32. b4 Rc7 33. a5 Bc8
34. Qh4 g5
35. axb6 Rb7 36. Qg3 Bxg3 37. hxg3 Rxb6 38. Nd4 Rf6 39. f3 Qc7 40.
fxe4 Qxg3
0-1

[Event "?"]
[Site "Dallas, Pinfork Grand Prix II"]
[Date "1996.??.??"]
[Round "?"]
[White "Pickard,Sid"]
[Black "Simms,Gary"]
[Result "1/2-1/2"]
[WhiteElo "2190"]
[BlackElo "2325"]
[PlyCount "95"]

1. f4 g6 2. Nf3 Bg7 3. g3 e6 4. Bg2 Ne7 5. O-O O-O 6. d3 c5 7. c3 Nbc6
8. a4 b6
9. Na3 d5 10. Bd2 Bb7 11. Qb3 Rc8 12. Nc2 Qd7 13. Qa3 Nf5 14. Rac1 Nd6
15. b4
c4 16. d4 f6 17. Rce1 Ne4 18. Bc1 Ne7 19. Nd2 a6 20. Nxe4 dxe4 21. Ne3
Bd5 22.
Rd1 b5 23. a5 Kh8 24. Qa2 Qc6 25. Qc2 Kg8 26. Kh1 Kf7 27. Rde1 Ke8 28.
Nd1 Kd8
29. e3 Kc7 30. Nf2 f5 31. Kg1 Ng8 32. g4 h6 33. h4 Nf6 34. g5 hxg5 35.
hxg5 Nh5
36. Nh1 Rh8 37. Qf2 Bf8 38. Ng3 Ng7 39. Qd2 Bd6 40. Rf2 Rh4 41. Bf1
Rch8 42.
Rg2 R8h7 43. Ree2 Qe8 44. Rh2 Qh8 45. Rxh4 Rxh4 46. Rh2 Rxh2 47. Qxh2
Qxh2+ 48.
Kxh2 1/2-1/2

[Event "?"]
[Site "Dallas, Pinfork Grand Prix II"]
[Date "1996.??.??"]
[Round "?"]
[White "Williams,Lee"]
[Black "Dorsey,Philip"]
[Result "0-1"]
[WhiteElo "2005"]
[BlackElo "2225"]
[PlyCount "80"]

1. c4 Nf6 2. g3 e5 3. Bg2 c6 4. d4 Bb4+ 5. Bd2 Qa5 6. dxe5 Ng4 7. Nf3
Nxe5 8.
Nxe5 Bxd2+ 9. Qxd2 Qxe5 10. Nc3 O-O 11. Rd1 Qc5 12. Qd4 d6 13. O-O Be6
14. b3
Na6 15. Qxd6 Qa5 16. Qd2 Rfd8 17. Qb2 Qb6 18. Rd2 Rxd2 19. Qxd2 Rd8
20. Qc2 Nc5
21. Rd1 a5 22. Ne4 Nxe4 23. Bxe4 Ra8 24. Qc3 a4 25. b4 a3 26. Bc2 g6
27. Bb3
Rd8 28. Rxd8+ Qxd8 29. Qd3 Qf6 30. Kg2 Bf5 31. Qe3 Qe6 32. Qd2 Bh3+
33. Kg1 Qe4
34. f3 Qb1+ 35. Qd1 Qxd1+ 36. Bxd1 Be6 37. Bb3 b5 38. cxb5 Bxb3 39.
bxc6 Bxa2
40. c7 Be6 0-1

[Event "?"]
[Site "Dallas, Pinfork Grand Prix II"]
[Date "1996.??.??"]
[Round "?"]
[White "Chow,Albert"]
[Black "Dorsey,Philip"]
[Result "1-0"]
[WhiteElo "2380"]
[BlackElo "1605"]
[PlyCount "107"]

1. e4 c5 2. Nf3 d6 3. d4 cxd4 4. Nxd4 Nf6 5. Nc3 g6 6. Be3 Bg7 7. f3
O-O 8. Qd2
Nc6 9. O-O-O Bd7 10. g4 Rc8 11. h4 Ne5 12. h5 Qa5 13. Kb1 Rxc3 14.
Qxc3 Qxc3
15. bxc3 Nxf3 16. h6 Bh8 17. Nxf3 Bxg4 18. Bg2 Nxe4 19. Rd3 Nxc3+ 20.
Kb2 Nd1+
21. Kc1 Nxe3 22. Rxe3 Bf6 23. Ra3 a6 24. Bh3 Bxf3 25. Rxf3 Bg5+ 26.
Kd1 Bxh6
27. Rc3 Bg5 28. Bc8 Bf6 29. Rc7 b6 30. Bxa6 Rb8 31. a4 h5 32. Ke2 Kg7
33. Bc4
Re8 34. Rb7 Rc8 35. Kd3 Rc5 36. Rxb6 d5 37. Bb5 Rc3+ 38. Kd2 Ra3 39.
Bc6 Bg5+
40. Ke2 Re3+ 41. Kd1 Ra3 42. Rf1 Ra1+ 43. Ke2 Ra2 44. Rxf7+ Kh6 45.
Kd3 Bf6 46.
Be8 Ra3+ 47. Ke2 Rc3 48. Rc6 Rg3 49. Rfxf6 exf6 50. Rxf6 Rg2+ 51. Kf3
Rxc2 52.
Rxg6+ Kh7 53. Rg5 Rc3+ 54. Ke2 1-0

[Event "?"]
[Site "Dallas, Pinfork Grand Prix II"]
[Date "1996.??.??"]
[Round "?"]
[White "Gurevich,Dimitry"]
[Black "Weinberg,Alexander"]
[Result "1-0"]
[WhiteElo "2630"]
[BlackElo "2255"]
[PlyCount "63"]

1. d4 g6 2. c4 Bg7 3. e4 d6 4. Nc3 Nf6 5. Nf3 O-O 6. Be2 e5 7. d5 Na6
8. Be3
Nc5 9. Nd2 a5 10. O-O Nfd7 11. b3 f5 12. f3 Nf6 13. g4 Ne8 14. Kh1 Qh4
15. Qe1
Qxe1 16. Rfxe1 Rf7 17. a3 fxg4 18. fxg4 b6 19. b4 Nd7 20. g5 Bf8 21.
Bg4 Re7
22. Be6+ Kh8 23. Rf1 Ng7 24. Nb5 axb4 25. Nxc7 Rb8 26. axb4 Nh5 27.
Nb5 Rg7 28.
Na7 Nf4 29. Nc6 Rb7 30. Ra8 Rc7 31. Bxf4 exf4 32. Rxf4 1-0

[Event "?"]
[Site "Dallas, Pinfork Grand Prix II"]
[Date "1996.??.??"]
[Round "?"]
[White "McClintock,Doug"]
[Black "Pickard,Sid"]
[Result "0-1"]
[WhiteElo "2440"]
[BlackElo "2190"]
[PlyCount "72"]

1. d4 Nf6 2. c4 c5 3. d5 Ne4 4. f3 Qa5+ 5. Nd2 Nd6 6. e4 g6 7. Bd3 Bg7
8. Ne2
b5 9. cxb5 a6 10. b6 Qxb6 11. Qc2 a5 12. Nc4 Nxc4 13. Bxc4 d6 14. O-O
O-O 15.
Rb1 Ba6 16. b3 Nd7 17. f4 Rfb8 18. Bd2 Qc7 19. Bc3 a4 20. Bxg7 axb3
21. Qc3
Bxc4 22. Bh6 Nf6 23. Qxc4 Ng4 24. Bg5 Ne3 25. Qc3 Nxf1 26. axb3 Nxh2
27. Kxh2
f6 28. Bh6 Rb4 29. Ng3 Qb7 30. e5 dxe5 31. Qxc5 Rc8 32. Qe3 Qxd5 33.
fxe5 Qxe5
34. Qxe5 fxe5 35. Bg5 Rc7 36. Re1 Rb5 0-1

[Event "?"]
[Site "Dallas, Pinfork Grand Prix II"]
[Date "1996.??.??"]
[Round "?"]
[White "McClintock,Doug"]
[Black "Anderson,Selby"]
[Result "0-1"]
[WhiteElo "2200"]
[BlackElo "2330"]
[PlyCount "80"]

1. e4 c5 2. Nf3 e6 3. Nc3 Nc6 4. d4 cxd4 5. Nxd4 Qc7 6. g3 a6 7. Bg2
Nf6 8. O-O
Be7 9. Re1 d6 10. Nxc6 bxc6 11. e5 dxe5 12. Rxe5 O-O 13. Bf4 Qb7 14.
Na4 Nd5
15. Bd2 Qc7 16. Qe1 Nb4 17. Bxb4 Bxb4 18. Qe4 Rb8 19. Rd1 Bd6 20. Rg5
Be7 21.
Rh5 g6 22. Qe5 Qa7 23. Rh3 Rb5 24. Qe2 e5 25. g4 Rb4 26. Qd2 Bxg4 27.
Qh6 Bxh3
28. Qxh3 Rxa4 29. Bxc6 Rd4 30. Rf1 Qc5 31. Bg2 Qxc2 32. Kh1 Rd1 33.
Rxd1 Qxd1+
34. Bf1 Rd8 35. Kg2 Qd5+ 36. Kg1 Qe4 37. Qb3 Qg4+ 38. Kh1 Rd1 39. Qb8+
Kg7 40.
Qxe5+ Bf6 0-1

[Event "?"]
[Site "Dallas, Pinfork Grand Prix II"]
[Date "1996.??.??"]
[Round "?"]
[White "Root,Alexey"]
[Black "Lester,Robert"]
[Result "1-0"]
[WhiteElo "2135"]
[BlackElo "1775"]
[PlyCount "25"]

1. d4 Nf6 2. Nf3 e6 3. e3 b6 4. Bd3 Bb7 5. O-O Be7 6. c4 Ne4 7. Nc3 f5
8. d5
Nxc3 9. bxc3 Bf6 10. Nd4 exd5 11. cxd5 Bxd5 12. Bxf5 O-O 13. Bxh7+ 1-0

[Event "?"]
[Site "Dallas, Pinfork Grand Prix II"]
[Date "1996.??.??"]
[Round "?"]
[White "Lein,Anatoly"]
[Black "Chow,Albert"]
[Result "1/2-1/2"]
[WhiteElo "2515"]
[BlackElo "2380"]
[PlyCount "120"]

1. e4 c5 2. c4 Nc6 3. Nc3 g6 4. g3 Bg7 5. Bg2 d6 6. d3 Nf6 7. h3 O-O
8. Nge2
Ne8 9. O-O Nc7 10. Rb1 Rb8 11. f4 f5 12. Kh2 Bd7 13. Be3 Ne6 14. a3
Ned4 15. b4
b6 16. Qd2 Nxe2 17. Nxe2 Nd4 18. Bg1 Nxe2 19. Qxe2 e5 20. Be3 Qe7 21.
Qd2 Rbe8
22. Rbe1 Qd8 23. h4 Be6 24. exf5 Bxf5 25. Bc6 Bd7 26. Be4 Be6 27. Qg2
exf4 28.
Bxf4 Bc3 29. Rb1 Qc7 30. b5 Be5 31. Bxe5 dxe5 32. Qd2 Rxf1 33. Rxf1
Rf8 34.
Rxf8+ Kxf8 35. Qg5 Bf7 36. h5 Qd6 37. h6 Qe7 38. Qe3 Qf6 39. Kg2 Ke7
40. g4 Be6
41. g5 Qf7 42. Qf3 Qxf3+ 43. Kxf3 Bf7 44. Bd5 Be6 45. Ke3 Kd6 46. Be4
Bf7 47.
Bc6 a6 48. bxa6 Kxc6 49. Ke4 b5 50. a7 Kb7 51. cxb5 Kxa7 52. Kxe5 Bb3
53. Kf6
Bc2 54. Kg7 Bxd3 55. Kxh7 c4 56. Kg8 c3 57. h7 c2 58. h8=Q Bc4+ 59.
Kh7 c1=Q
60. Qd4+ Kb7 1/2-1/2

[Event "?"]
[Site "Dallas, Pinfork Grand Prix II"]
[Date "1996.??.??"]
[Round "?"]
[White "Anderson,Selby"]
[Black "Chow,Albert"]
[Result "1/2-1/2"]
[WhiteElo "2330"]
[BlackElo "2380"]
[PlyCount "94"]

1. e4 c5 2. Nf3 d6 3. d4 cxd4 4. Qxd4 a6 5. c4 Nc6 6. Qd2 Nf6 7. Nc3
g6 8. b3
Bg7 9. Bb2 Bg4 10. Be2 O-O 11. O-O Qa5 12. Rfd1 Rfc8 13. a3 Rab8 14.
b4 Qd8 15.
Qe3 Qf8 16. Nd2 Bxe2 17. Nxe2 Ng4 18. Qb3 Bxb2 19. Qxb2 Qg7 20. Qxg7+
Kxg7 21.
Rac1 Kf8 22. h3 Nf6 23. Rc3 Rc7 24. Rdc1 Rd8 25. f3 e6 26. Nf4 Ne5 27.
Kf2 Nfd7
28. Ke3 Rdc8 29. Nd3 Nxd3 30. Kxd3 Ke7 31. Kd4 f5 32. exf5 gxf5 33. g4
f4 34.
Ke4 e5 35. Kd3 Nf6 36. h4 Ke6 37. Ne4 Nxe4 38. Kxe4 b5 39. Kd3 bxc4+
40. Rxc4
Rxc4 41. Rxc4 Rb8 42. h5 a5 43. Rc7 axb4 44. axb4 Rxb4 45. Rxh7 Rb3+
46. Ke2
Rb2+ 47. Kf1 Rb1+ 1/2-1/2

[Event "?"]
[Site "Dallas, Pinfork Grand Prix II"]
[Date "1996.??.??"]
[Round "?"]
[White "Weinberg,Alex"]
[Black "Weaver,Richard"]
[Result "1/2-1/2"]
[WhiteElo "2255"]
[BlackElo "2205"]
[PlyCount "43"]

1. d4 d5 2. Nf3 Nc6 3. Bf4 Nf6 4. e3 Bg4 5. c4 e6 6. c5 Be7 7. Bb5 O-O
8. Nbd2
e5 9. dxe5 Ne4 10. Bxc6 Nxd2 11. Qxd2 bxc6 12. Rc1 Bxf3 13. gxf3 f6
14. Qd4
fxe5 15. Bxe5 Bf6 16. Bxf6 Rxf6 17. Rg1 Qe7 18. Ke2 Raf8 19. Rg3 g6
20. Rcg1
Rf4 21. Qd3 R4f5 22. Qd4 1/2-1/2

[Event "?"]
[Site "Dallas, Pinfork Grand Prix II"]
[Date "1996.??.??"]
[Round "?"]
[White "Jacobs,John"]
[Black "Odendahl, Steven"]
[Result "1-0"]
[WhiteElo "2365"]
[BlackElo "2515"]
[PlyCount "79"]

1. Nf3 Nf6 2. b3 g6 3. Bb2 Bg7 4. g3 O-O 5. Bg2 d6 6. d4 Bf5 7. O-O
Nc6 8. c4
Qc8 9. Re1 Bh3 10. Bh1 Ne4 11. Nbd2 f5 12. Nxe4 fxe4 13. Ng5 e3 14. f4
Bf5 15.
a3 h6 16. Nf3 Be4 17. b4 e6 18. Nh4 Bxh1 19. Kxh1 g5 20. fxg5 hxg5 21.
Nf3 g4
22. Nh4 e5 23. dxe5 Qe6 24. Qd3 Nxe5 25. Qxe3 Qxc4 26. Bxe5 Qd5+ 27.
Kg1 Qxe5
28. Qxe5 Bxe5 29. Rac1 Bb2 30. Rxc7 Bxa3 31. Rc4 a5 32. Rxg4+ Kh7 33.
bxa5 Bc5+
34. Kg2 Rxa5 35. Rd1 Ra2 36. Rd5 Rxe2+ 37. Kh3 Rf6 38. Rdg5 Bg1 39.
Rg7+ Kh6
40. Nf5+ 1-0

[Event "?"]
[Site "Dallas, Pinfork Grand Prix II"]
[Date "1996.??.??"]
[Round "?"]
[White "Odendahl, Steven"]
[Black "Calogridis,Michael"]
[Result "1-0"]
[WhiteElo "2515"]
[BlackElo "2310"]
[PlyCount "93"]

1. e4 c6 2. d4 d5 3. exd5 cxd5 4. c4 Nf6 5. Nc3 g6 6. Qb3 Bg7 7. cxd5
O-O 8.
Be2 Nbd7 9. Bf3 Nb6 10. Nge2 Bg4 11. Bxg4 Nxg4 12. Bf4 Nf6 13. d6 exd6
14. O-O
Qd7 15. Rac1 Rfe8 16. Ng3 h5 17. h3 h4 18. Nge2 Ne4 19. Nxe4 Rxe4 20.
Be3 Rae8
21. Nc3 Rxe3 22. fxe3 Rxe3 23. Qb4 Rd3 24. Ne2 Qe6 25. Rce1 Qd5 26. b3
Bxd4+
27. Nxd4 Rxd4 28. Re8+ Kg7 29. Qc3 Qc5 30. Qxc5 dxc5 31. Re7 Nd5 32.
Rfxf7+ Kh6
33. Rxb7 Rd1+ 34. Rf1 Rd2 35. Rd7 a5 36. Re1 a4 37. bxa4 c4 38. Rc1 c3
39. Kh2
Ne3 40. Rxc3 Rxg2+ 41. Kh1 Re2 42. Rcd3 Nf5 43. a5 Ng3+ 44. Kg1 g5 45.
R3d6+
Kh5 46. Rc7 Re1+ 47. Kg2 1-0

[Event "?"]
[Site "Dallas, Pinfork Grand Prix II"]
[Date "1996.??.??"]
[Round "?"]
[White "Lein,Anatoly"]
[Black "Odendahl,Steven"]
[Result "1/2-1/2"]
[WhiteElo "2515"]
[BlackElo "2515"]
[PlyCount "231"]

1. d4 Nf6 2. Bg5 d6 3. Nd2 Nbd7 4. e3 h6 5. Bh4 c6 6. a4 b6 7. h3 a6
8. Ngf3
Bb7 9. Be2 c5 10. O-O Rc8 11. Re1 e6 12. c3 Be7 13. Bg3 O-O 14. Bd3 d5
15. Qb1
c4 16. Bc2 b5 17. b4 cxb3 18. Qxb3 Bc6 19. axb5 Bxb5 20. Bd1 Rc6 21.
Be2 Bxe2
22. Rxe2 Qc8 23. Qa2 Rxc3 24. Qxa6 Rc1+ 25. Re1 Rxe1+ 26. Nxe1 Qc3 27.
Nef3 Rc8
28. Rb1 Qc6 29. Qxc6 Rxc6 30. Ne5 Rb6 31. Rc1 Nxe5 32. Bxe5 Ne8 33.
Rc8 Kf8 34.
Bxg7+ Kxg7 35. Rxe8 Bh4 36. g3 Bf6 37. Kg2 Rb2 38. Nf1 Ra2 39. h4 Rb2
40. Nh2
h5 41. Nf3 Rb7 42. Ng1 Ra7 43. Nh3 Rb7 44. Nf4 Kh6 45. Rc8 Rd7 46. Kf3
Bg7 47.
Rb8 Bf6 48. Nd3 Ra7 49. Nc5 Be7 50. Nd3 Bd6 51. Rb6 Rd7 52. Rc6 Kg6
53. Rc8 Kg7
54. Rc6 Kf6 55. Ra6 Kf5 56. Ra8 Kg6 57. Rg8+ Kh7 58. Rc8 Kg7 59. g4
hxg4+ 60.
Kxg4 Rb7 61. Rc6 Bb8 62. Nc5 Rb1 63. Na6 Rg1+ 64. Kh3 Rb1 65. Kg2 Kh6
66. Nxb8
Rxb8 67. Rc7 Kg6 68. Rc1 Kf5 69. Kf3 Rh8 70. Rh1 f6 71. Rh2 Rh6 72.
Rh3 Rh7 73.
Kg2 Ke4 74. h5 Kf5 75. Kg3 e5 76. Rh4 Kg5 77. f4+ exf4+ 78. exf4+ Kf5
79. Kf3
Rb7 80. h6 Kg6 81. Rh1 Rh7 82. Ra1 Rxh6 83. Ra5 Rh1 84. Rxd5 Re1 85.
Ra5 f5 86.
Ra2 Re4 87. Rd2 Kf7 88. Rd3 Re1 89. d5 Rf1+ 90. Kg3 Ke7 91. d6+ Kd7
92. Rd5
Rg1+ 93. Kf3 Rg6 94. Rxf5 Kxd6 95. Rf7 Ke6 96. Ra7 Rg1 97. Ra5 Kf6 98.
Ra8 Rb1
99. Rf8+ Kg7 100. Rf5 Rb6 101. Ra5 Kf7 102. Ra7+ Kf8 103. Ke4 Rc6 104.
Kf5 Rb6
105. Kg5 Rc6 106. Rh7 Ra6 107. f5 Rb6 108. Ra7 Rc6 109. Kf4 Rb6 110.
Ra5 Kf7
111. Ke5 Rc6 112. Ra8 Rb6 113. Kf4 Rc6 114. Kg5 Rb6 115. Ra5 Rc6 116.
Ra7+
1/2-1/2

[Event "?"]
[Site "Dallas, Pinfork Grand Prix II"]
[Date "1996.??.??"]
[Round "?"]
[White "Bick,John"]
[Black "McClintock,Doug"]
[Result "0-1"]
[WhiteElo "2110"]
[BlackElo "2200"]
[PlyCount "78"]

1. d4 f5 2. g3 Nf6 3. Bg2 e6 4. c4 Be7 5. Nf3 O-O 6. O-O d6 7. Nc3 Qe8
8. Re1
Qh5 9. b3 Nc6 10. d5 Nd8 11. Nb5 Ne8 12. Nd2 e5 13. e4 Qg6 14. exf5
Bxf5 15.
Ne4 Bg4 16. Qd3 Nf7 17. Nbc3 Ng5 18. Bxg5 Bxg5 19. Qb1 Be7 20. Qc1 Qh5
21. Qe3
g6 22. Nb1 Ng7 23. Qd3 Bf3 24. Nbd2 Bxg2 25. Kxg2 g5 26. h3 Rf7 27.
Nf1 Raf8
28. Ne3 Rxf2+ 29. Nxf2 Qf3+ 30. Kh2 Qxf2+ 31. Kh1 Qxg3 32. Re2 Nf5 33.
Rf1
Qxh3+ 34. Kg1 Qg3+ 35. Kh1 Rf6 36. Rg2 Rh6+ 37. Kg1 Qxe3+ 38. Qxe3
Nxe3 39.
Rxg5+ Bxg5 0-1

[Event "?"]
[Site "Dallas, Pinfork Grand Prix II"]
[Date "1996.??.??"]
[Round "?"]
[White "Mike Calogridis"]
[Black "Anderson,Selby"]
[Result "1-0"]
[WhiteElo "2310"]
[BlackElo "2330"]
[PlyCount "85"]

1. e4 c5 2. c3 e6 3. d4 d5 4. exd5 exd5 5. Nf3 Nc6 6. Be2 Bd6 7. O-O
Nge7 8.
dxc5 Bxc5 9. Bg5 O-O 10. Nbd2 f6 11. Bf4 Ng6 12. Bg3 Be6 13. Nb3 Bb6
14. Nbd4
Bf7 15. Nf5 Nge5 16. N3d4 Qd7 17. Bb5 a6 18. Bxc6 bxc6 19. Bxe5 fxe5
20. Qg4
Be8 21. Ne6 Rf6 22. Nexg7 Rg6 23. Nxe8 Qxe8 24. Qb4 Rb8 25. Qe7 Qf7
26. Qxe5
Re8 27. Qf4 Kh8 28. Rae1 Rf8 29. Qe5+ Qf6 30. Ne7 Rg7 31. Qxf6 Rxf6
32. Nc8 Bc7
33. Re8+ Rg8 34. Rfe1 Rff8 35. Rxf8 Rxf8 36. Ne7 Rf6 37. g4 Bxh2+ 38.
Kxh2
Rxf2+ 39. Kg3 Rxb2 40. Nf5 Kg8 41. Kf4 Rd2 42. Kg5 Kf8 43. Rh1 1-0

[Event "?"]
[Site "Dallas, Pinfork Grand Prix II"]
[Date "1996.??.??"]
[Round "?"]
[White "Dorsey,Philip"]
[Black "Weaver,Richard"]
[Result "0-1"]
[WhiteElo "2225"]
[BlackElo "2205"]
[PlyCount "98"]

1. e4 d5 2. exd5 Nf6 3. Bb5+ Bd7 4. Bc4 b5 5. Bb3 a5 6. a3 a4 7. Ba2
c6 8. dxc6
Nxc6 9. Nc3 b4 10. axb4 Nxb4 11. Nf3 e6 12. O-O Bd6 13. Bc4 Qb8 14. b3
axb3 15.
Rxa8 Qxa8 16. cxb3 O-O 17. d3 Bc6 18. Bg5 Ng4 19. Ne4 Qb8 20. h3 Ne5
21. Nxe5
Bxe5 22. Qd2 Nd5 23. d4 Bf4 24. Bxf4 Nxf4 25. f3 Rd8 26. Qf2 Bb5 27.
Bxb5 Qxb5
28. Qh4 Ne2+ 29. Kh2 Rxd4 30. Ra1 Qb8+ 31. Kh1 e5 32. Re1 Nf4 33. Qe7
Ng6 34.
Qc5 h6 35. Rb1 Qd8 36. b4 Nf4 37. b5 Ne2 38. b6 Rd1+ 39. Rxd1 Qxd1+
40. Kh2 Qb1
41. Ng3 Nd4 42. h4 Qb2 43. Kh3 Kh7 44. Qc7 Ne6 45. Qxf7 Nf4+ 46. Kg4
Qxb6 47.
h5 Qd8 48. Qf5+ Kh8 49. Qxe5 Nd3 0-1

[Event "?"]
[Site "Dallas, Pinfork Grand Prix II"]
[Date "1996.??.??"]
[Round "?"]
[White "Ardaman,Miles"]
[Black "Gurevich,Dimitry"]
[Result "1/2-1/2"]
[WhiteElo "2440"]
[BlackElo "2630"]
[PlyCount "135"]

1. e4 c5 2. Nc3 Nc6 3. g3 g6 4. Bg2 Bg7 5. Nge2 d6 6. O-O e6 7. d3
Nge7 8. Re1
O-O 9. a3 a5 10. a4 b6 11. Bf4 Bb7 12. Qd2 Nd4 13. Nxd4 cxd4 14. Nb5
e5 15. Bg5
Qd7 16. c3 f6 17. Bh6 dxc3 18. bxc3 d5 19. Be3 Kh8 20. Qa2 dxe4 21.
dxe4 Nc8
22. Red1 Qe7 23. Rd2 Bc6 24. Rad1 Bxb5 25. axb5 Ra7 26. h4 h6 27. Rd5
f5 28.
Bc1 Qf7 29. Qe2 f4 30. Bh3 Qe7 31. Qa2 Qf6 32. Ba3 Raf7 33. Qe2 Rg8
34. Rd7 Bf8
35. Rxf7 Qxf7 36. Rd7 Qf6 37. Bxf8 Rxf8 38. h5 Nd6 39. hxg6 Qxg6 40.
Qd3 fxg3
41. fxg3 Rf6 42. Bg2 Nf7 43. Rc7 Rd6 44. Qf3 Rf6 45. Qe3 Qg4 46. Rc6
Qd1+ 47.
Kh2 Qh5+ 48. Kg1 Qd1+ 49. Kh2 Qd8 50. Bh3 Kg7 51. Qe2 a4 52. Rc8 Qd6
53. Bf5 a3
54. Kh3 Qe7 55. Qc4 Qd6 56. Qe2 Qe7 57. Qc4 Qb7 58. Rc7 Qb8 59. Rd7
Qa8 60. Qe2
Rxf5 61. exf5 Qh1+ 62. Qh2 Qc1 63. Qd2 Qh1+ 64. Qh2 Qf1+ 65. Kg4 h5+
66. Qxh5
Qe2+ 67. Kh4 Qxh5+ 68. Kxh5 1/2-1/2

[Event "?"]
[Site "Dallas, Pinfork Grand Prix II"]
[Date "1996.??.??"]
[Round "?"]
[White "Shtern,Igor"]
[Black "Ardaman,Miles"]
[Result "1-0"]
[WhiteElo "2410"]
[BlackElo "2440"]
[PlyCount "78"]

1. c4 c5 2. Nc3 Nc6 3. b3 g6 4. Bb2 Bg7 5. Nf3 e5 6. e3 Nge7 7. Be2
O-O 8. O-O
f5 9. Qc2 d6 10. Rad1 h6 11. a3 g5 12. Ne1 Qe8 13. Nb5 Qg6 14. f3 a6
15. Nc7
Ra7 16. Nd5 Nxd5 17. cxd5 Ne7 18. d4 exd4 19. exd4 f4 20. Bd3 Bf5 21.
dxc5 Bxb2
22. Qxb2 dxc5 23. b4 Qd6 24. bxc5 Qxc5+ 25. Kh1 Qd6 26. Nc2 b5 27.
Rfe1 Rd7 28.
Be4 Qf6 29. Qb3 Bxe4 30. fxe4 Ng6 31. Nd4 Ne5 32. Rf1 Kh7 33. Nf5 Rff7
34. a4
bxa4 35. Qxa4 h5 36. d6 Ra7 37. Rd5 Kg6 38. Qe8 Kh7 39. Qxe5 Qg6 {
Black resigns } 1-0

[Event "?"]
[Site "Dallas Pinfork Grand Prix II"]
[Date "1996.??.??"]
[Round "?"]
[White "Palatnik,Semion"]
[Black "Jacobs,John"]
[Result "1-0"]
[WhiteElo "2570"]
[BlackElo "2365"]
[PlyCount "79"]

1. d4 d5 2. c4 e6 3. g3 c5 4. cxd5 exd5 5. Nf3 Nc6 6. Bg2 Nf6 7. O-O
Be7 8. Nc3
O-O 9. dxc5 d4 10. Na4 Bf5 11. b3 Be4 12. e3 dxe3 13. Bxe3 Nd5 14. Bd2
Bf6 15.
Rc1 Bd3 16. Re1 Ndb4 17. a3 Nd5 18. Bg5 Bxg5 19. Nxg5 Qxg5 20. Qxd3
Rad8 21. h4
Qh5 22. Qf3 Qg6 23. Rcd1 Nc7 24. Qe4 Qf6 25. b4 g6 26. Qf3 Qg7 27. Qc3
Nd4 28.
Qc4 Qf6 29. Bxb7 Nf3+ 30. Bxf3 Qxf3 31. Nc3 Ne6 32. Nd5 Qxa3 33. c6
Kg7 34. c7
Rc8 35. Rc1 Rfe8 36. Re3 Qa4 37. Qc3+ Kh6 38. Qf6 Qd7 39. Re5 Ng7 40.
Qg5# 1-0

[Event "?"]
[Site "Dallas, Pinfork Grand Prix II"]
[Date "1996.??.??"]
[Round "?"]
[White "Weaver,Richard"]
[Black "Ardaman,Miles"]
[Result "0-1"]
[WhiteElo "2205"]
[BlackElo "2440"]
[PlyCount "57"]

1. c4 e5 2. Nc3 d6 3. Nf3 g6 4. d4 Nd7 5. dxe5 dxe5 6. g3 Bg7 7. Bg2
Ngf6 8.
O-O O-O 9. Qc2 Re8 10. e4 c6 11. Rd1 Qc7 12. b3 Bf8 13. Na4 Nc5 14.
Nxc5 Bxc5
15. h3 Nh5 16. Kh2 a5 17. Bb2 Ng7 18. Rd2 f6 19. Rad1 Qe7 20. Ne1 Ne6
21. Nd3
Bb6 22. Ne1 c5 23. Bc1 Ba7 24. Re2 Bd7 25. Nd3 g5 26. Nb2 h5 27. Bf3
Qh7 28.
Kg2 Qg6 29. Kf1 0-1

[Event "?"]
[Site "Dallas, Pinfork Grand Prix II"]
[Date "1996.??.??"]
[Round "?"]
[White "Campbell,Matthew"]
[Black "Simms,Gary"]
[Result "1/2-1/2"]
[WhiteElo "2185"]
[BlackElo "2325"]
[PlyCount "91"]

1. e4 c5 2. Nf3 Nc6 3. g3 g6 4. Bg2 Bg7 5. O-O d6 6. d3 e6 7. Re1 Nge7
8. Nbd2
O-O 9. c3 Rb8 10. a4 b6 11. h4 Ba6 12. Nf1 Ne5 13. Nxe5 dxe5 14. h5
Qxd3 15.
Qg4 Qd7 16. Rd1 Qe8 17. Bg5 Rd8 18. Rxd8 Qxd8 19. Rd1 Qc7 20. hxg6
hxg6 21. Ne3
Bc8 22. Bf1 f6 23. Bc4 Kf7 24. Bh4 Bh6 25. Nf5 gxf5 26. exf5 Nxf5 27.
Qxf5 Qe7
28. Qh7+ Bg7 29. Qh5+ Kg8 30. Qxe5 Qe8 31. Qd6 Kf7 32. Re1 Qe7 33.
Qxe7+ Kxe7
34. f4 Kd6 35. Rd1+ Kc7 36. Re1 Re8 37. Kf2 a6 38. g4 Kc6 39. g5 fxg5
40. Bxg5
e5 41. fxe5 Bxe5 42. Rh1 Rh8 43. Rxh8 Bxh8 44. Ke3 b5 45. axb5+ axb5
46. Bf7
1/2-1/2

[Event "?"]
[Site "Dallas, Pinfork Grand Prix II"]
[Date "1996.??.??"]
[Round "?"]
[White "Odendahl,Steven"]
[Black "Chow,Albert"]
[Result "1-0"]
[WhiteElo "2515"]
[BlackElo "2380"]
[PlyCount "47"]

1. e4 c5 2. Nf3 d6 3. d4 cxd4 4. Nxd4 Nf6 5. Nc3 g6 6. Be3 Bg7 7. f3
Nc6 8. Qd2
O-O 9. O-O-O Nxd4 10. Bxd4 Be6 11. Kb1 Qc7 12. g4 Rfc8 13. h4 Qa5 14.
Qg5 Qc7
15. Rh2 Bc4 16. Bxc4 Qxc4 17. Rhd2 a6 18. Qe3 Qe6 19. g5 Nd7 20. Bxg7
Kxg7 21.
Nd5 f6 22. gxf6+ exf6 23. Nb6 Nxb6 24. Qxb6 1-0

[Event "?"]
[Site "Dallas, Pinfork Grand Prix II"]
[Date "1996.??.??"]
[Round "?"]
[White "Lester,Robert"]
[Black "Shtern,Igor"]
[Result "0-1"]
[WhiteElo "1775"]
[BlackElo "2410"]
[PlyCount "48"]

1. e4 c5 2. c3 Nf6 3. e5 Nd5 4. d4 cxd4 5. Nf3 Nc6 6. cxd4 d6 7. a3
Bg4 8. exd6
Qxd6 9. Be2 g6 10. O-O Bg7 11. Be3 Rd8 12. Nc3 O-O 13. Qb3 Nxc3 14.
bxc3 b6 15.
h3 Be6 16. Qc2 Na5 17. Nd2 Rc8 18. Rfb1 Bxd4 19. Ne4 Qe5 20. Rb5 Qg7
21. Bxd4
Qxd4 22. cxd4 Rxc2 23. Bd3 Rc7 24. Rb2 Rd8 0-1

[Event "?"]
[Site "Dallas, Pinfork Grand Prix II"]
[Date "1996.??.??"]
[Round "?"]
[White "Jacobs,John"]
[Black "Pickard,Sid"]
[Result "1-0"]
[WhiteElo "2365"]
[BlackElo "2190"]
[PlyCount "73"]

1. Nf3 Nc6 2. e4 Nf6 3. e5 Ng4 4. d4 d6 5. h3 Nh6 6. Bxh6 gxh6 7. e6
fxe6 8.
Bb5 Bg7 9. Qe2 a6 10. Bxc6+ bxc6 11. O-O O-O 12. c3 Rb8 13. Na3 Kh8
14. Nc4 Qe8
15. Rfe1 Rg8 16. Kh1 Rb5 17. Rad1 Rh5 18. Ncd2 e5 19. Nf1 Bxh3 20.
gxh3 Rxh3+
21. N3h2 exd4 22. Qg4 Rh5 23. cxd4 Rg5 24. Qe4 d5 25. Qe2 Bxd4 26. Ng3
Bxf2 27.
Qxf2 Rxg3 28. Qd4+ R8g7 29. Rg1 Qg6 30. Rgf1 Kg8 31. Qb4 Qe8 32. Qf4
e5 33.
Qxh6 R7g6 34. Qh4 e4 35. Rc1 Qe5 36. Qd8+ Kg7 37. Qf8# 1-0

[Event "?"]
[Site "Dallas, Pinfork Grand Prix II"]
[Date "1996.??.??"]
[Round "?"]
[White "Weinberg,Alex"]
[Black "Root,Alexey"]
[Result "1-0"]
[WhiteElo "2255"]
[BlackElo "2135"]
[PlyCount "87"]

1. d4 e6 2. Nf3 f5 3. Bg5 Nf6 4. e3 d5 5. Nbd2 Be7 6. Ne5 O-O 7. Bd3
c5 8. c3
Nc6 9. Ndf3 Bd7 10. Nxd7 Qxd7 11. O-O h6 12. Bf4 g5 13. Ne5 Qe8 14.
Bg3 Nxe5
15. Bxe5 Nd7 16. Bg3 Kh8 17. f3 f4 18. Bf2 fxe3 19. Bxe3 Bd6 20. dxc5
Nxc5 21.
Bc2 Qf7 22. c4 Rad8 23. cxd5 exd5 24. Qd4+ Kg8 25. Kh1 Ne6 26. Qxd5
Bxh2 27.
Qe4 Bb8 28. Qg4 Kh8 29. Bb3 Qc7 30. Qh3 Rf6 31. Bxe6 Rxe6 32. Bxg5
Rde8 33. Bd2
Qg3 34. Bc3+ Kg8 35. Qxg3+ Bxg3 36. Kg1 h5 37. Rad1 h4 38. Rd7 Re2 39.
f4 R8e4
40. Rxb7 Rc2 41. Rd1 Re8 42. f5 a5 43. f6 Kf8 44. Bxa5 1-0